£20m police station upgrades (Record no. 73601)

MARC details
000 -LEADER
fixed length control field 00937cam a2200205 4500
001 - CONTROL NUMBER
control field WB3939-05
008 - FIXED-LENGTH DATA ELEMENTS--GENERAL INFORMATION
fixed length control field 031016n2003 000 0 eng u
035 ## - SYSTEM CONTROL NUMBER
System control number (Sirsi) u123936
245 ## - TITLE STATEMENT
Title £20m police station upgrades
260 ## - PUBLICATION, DISTRIBUTION, ETC.
Date of publication, distribution, etc. 2003
490 ## - SERIES STATEMENT
Series statement Home Office News Release
Volume/sequential designation (277/2003) 13 October 2003 (5)
520 ## - SUMMARY, ETC.
Summary, etc. The Home Office has announced £20m funding for the improvement and refurbishment of police facilities. All 43 police forces in England and Wales successfully applied for grants from the Premises Improvement Fund (PIF). The PIF is a matched funding initiative, now in its second year, with part-funding from the Home Office matched from existing police resources. http://www.homeoffice.gov.uk/n_story.asp?item_id=638
590 ## - LOCAL NOTE (RLIN)
Local note WB
650 ## - SUBJECT ADDED ENTRY--TOPICAL TERM
Topical term or geographic name entry element POLICE STATIONS
650 ## - SUBJECT ADDED ENTRY--TOPICAL TERM
Topical term or geographic name entry element IMPROVEMENT WORKS
650 ## - SUBJECT ADDED ENTRY--TOPICAL TERM
Topical term or geographic name entry element MODERNISATION
650 ## - SUBJECT ADDED ENTRY--TOPICAL TERM
Topical term or geographic name entry element WORKPLACE DESIGN
690 ## - LOCAL SUBJECT ADDED ENTRY--TOPICAL TERM (OCLC, RLIN)
Topical term or geographic name as entry element Refurbishment
9 (RLIN) 6264
942 ## - ADDED ENTRY ELEMENTS (KOHA)
Suppress in OPAC 0
Holdings
Withdrawn status Lost status Source of classification or shelving scheme Damaged status Not for loan Home library Current library Shelving location Date acquired Total Checkouts Full call number Barcode Date last seen Copy number Price effective from Koha item type
    Dewey Decimal Classification     London London News article 16/10/2003   WB3939-05 123936-1001 06/08/2019 1 06/08/2019 News article